Analýza plýtvání ve výrobním procesu firmy XY

Saved in:
Bibliographic Details
Main Author Pospíšilová, Anna (Dissertant)
Other Authors Závodná, Lucie Sára (Thesis advisor)
Format Manuscript Book
LanguageCzech
Published 2012
Subjects
Online AccessPlný text v Digitální knihovně UTB
Physical Description60 s., 5 s. příloh

Cover

LEADER 00000ntm a22000007u 4500
001 zp24697
041 |a cze 
100 1 |a Pospíšilová, Anna  |4 dis 
245 1 0 |a Analýza plýtvání ve výrobním procesu firmy XY 
246 |a Analysis of Wasting in the Manufacturing Process of the XY Company 
260 |c 2012 
300 |a 60 s., 5 s. příloh 
500 |a Studijní obor: Řízení výroby a kvality 
500 |a Studijní obor: Production and Quality Management 
500 |a Ústav: Ústav průmyslového inženýrství a informačních systémů 
500 |a Univerzita Tomáše Bati ve Zlíně. Fakulta managementu a ekonomiky 
500 |a Tomas Bata University in Zlín. Faculty of Management and Economics 
506 |a Bez omezení 
653 |a Plýtvání 
653 |a nadvýroba 
653 |a zbytečné zásoby 
653 |a čekání 
653 |a zbytečné pohyby 
653 |a doprava 
653 |a opravy 
653 |a nadbytečná práce 
653 |a nevyužité schopnosti pracovníků 
653 |a výrobní proces 
653 |a Waste 
653 |a Overproduction 
653 |a Waiting 
653 |a Excess Inventory 
653 |a Unnecessary Movement 
653 |a Unnecessary Transport 
653 |a Defects 
653 |a Overprocessing 
653 |a Unused Employee Kreativity 
653 |a Production System 
655 4 |a bakalářská práce 
700 1 |a Závodná, Lucie Sára  |4 ths 
710 2 |a Univerzita Tomáše Bati ve Zlíně. Fakulta managementu a ekonomiky  |4 dgg 
710 2 |a Tomas Bata University in Zlín. Faculty of Management and Economics  |4 dgg 
856 4 0 |u http://hdl.handle.net/10563/21900  |y Plný text v Digitální knihovně UTB